000 00900nam a2200301 i 4500
005 20220317000223.0
007 ta
008 200417s2010 ck 0 sgr 0 s spa d
020 _a9789587048889
040 _aCO-BoRNBP
_bspa
_erda
_cCO-BoRNBP
041 0 _aspa
043 _as-ck---
084 _aN RES2
100 1 _aRestrepo Casabianca, Laura
_d1950-
_eautora
245 1 3 _aLa novia oscura
_cLaura Restrepo
250 _aPrimera edición
264 1 _aBogotá
_bAlfaguara
_c2010
300 _a386 páginas
_c19 cm
336 _atexto
_btxt
_2rdacontent
337 _asin mediación
_bn
_2rdamedia
338 _avolumen
_bnc
_2rdacarrier
490 0 _aPunto de lectura
_vVolumen 19
586 _aPremio alfaguara de novela, 2004
650 1 7 _aNovela colombiana
_ySiglo XX
_2ARMARC
650 1 7 _aLiteratura colombiana
_ySiglo XX
_2ARMARC
650 1 7 _aAmor
_vNovela
_2ARMARC
942 _2loc
_cBKLIT
999 _c3436
_d3436